مفاهيم حديثة في الرقابة الإدارية / (رقم التسجيلة. 22950)
[ عرض عادي ]
| 000 -الفاتح | |
|---|---|
| حقل البيانات ثابتة الطول | 00886nam a22002177a 4500 |
| 003 - محدد رقم الضبط | |
| رقم الضبط | OSt |
| 005 - وقت وتاريخ اخر تعامل مع التسجيلة | |
| رقم الضبط | 20150408114032.0 |
| 008 - عناصر البيانات ثابتة الطول - معلومات عامة | |
| حقل البيانات ثابتة الطول | 120510s2012 jo ak g b 00| 0 ara d |
| 020 ## - الرقم الدولى المعيارى للكتب | |
| الرقم الدولى المعيارى للكتاب | 9789957524371 |
| 040 ## - مصدر الفهرسة | |
| وكالة النسخ | MU |
| 082 04 - رقم تصنيف ديوى العشرى | |
| رقم الطبعة | 21 |
| رقم التصنيف | 658.4013 |
| رقم المادة | ر ر م |
| 100 1# - المدخل الرئيسى - إسم شخصى | |
| الإسم الشخصى | الرحاحلة، عبد الرزاق سالم. |
| 9 (RLIN) | 13280 |
| 245 10 - بيان العنوان | |
| العنوان | مفاهيم حديثة في الرقابة الإدارية / |
| بيان المسئوليه,etc | تأليف عبد الرزاق سالم الرحاحلة، ناصر جمال خضور. |
| 250 ## - بيان الطبعة | |
| بيان الطبعة | ط. 1. |
| 260 ## - PUBLICATION, DISTRIBUTION, ETC. (IMPRINT) | |
| مكان الناشر او الموزع | عمان، الأردن : |
| اسم الناشر او الموزع | دار الإعصار العلمي ؛ |
| -- | مكتبة المجتمع العربي، |
| تاريخ النشر أو التوزيع | 2012. |
| 300 ## - الوصف المادى | |
| التعداد | 287 ص. : |
| تفاصيل ماديه اخرى للوعاء | أشكال، جداول ؛ |
| أبعاد الوعاء | 24 سم. |
| 504 ## - تبصرة ببليوجرافية | |
| تبصرة ببليوجرافية,الخ | ببليوجرافية : ص. 279-287. |
| 650 #4 - المدخل الاضافى بالموضوع-مصطلح موضوعى | |
| مصطلح موضوعي أو اسم جغرافي كعنصر مدخل | الرقابة الإدارية. |
| 9 (RLIN) | 12338 |
| 700 1# - المدخل الاضافى - اسم شخصى | |
| الإسم الشخصى | خضور، ناصر جمال. |
| 9 (RLIN) | 13282 |
| 942 ## - عناصر المدخل الإضافي( كوها) | |
| مصدر التصنيف او مخطط الترفيف | Dewey Decimal Classification |
| Koha [default] item type | DVD |
| حالة الفقد | نموذج السعر الفعال | حالة تلف | ليس للاعارة | رقم الطلب | رقم النسخة | تاريخ الاكتساب | الموقع الحالي | الباركود | الفرع الرئيسي | Date last seen | نوع المادة فى نظام كوها | مصدر التصنيف او خطة الترفيف | Total Checkouts | Date last checked out |
|---|---|---|---|---|---|---|---|---|---|---|---|---|---|---|
| 2013-03-10 | 658.4013 ر ر Ù | Ù 1 | 2012-05-10 | المكتبة المركزية بالمجمعة (CL) | 00104996 | المكتبة المركزية بالمجمعة (CL) | 2013-03-10 | كتاب | Dewey Decimal Classification | |||||
| 2013-03-10 | 658.4013 ر ر Ù | Ù 2 | 2012-05-10 | المكتبة المركزية بالمجمعة (CL) | 00104997 | المكتبة المركزية بالمجمعة (CL) | 2013-09-12 | كتاب | Dewey Decimal Classification | 1 | 2013-09-12 | |||
| 2013-03-10 | 658.4013 ر ر Ù | Ù 3 | 2012-05-10 | المكتبة المركزية بالمجمعة (CL) | 00104998 | المكتبة المركزية بالمجمعة (CL) | 2013-03-10 | كتاب | Dewey Decimal Classification | |||||
| 2013-03-10 | 658.4013 ر ر Ù | Ù 1 | 2012-05-10 | قسم الاجراءات الفنية (IC) | 00104999 | قسم الاجراءات الفنية (IC) | 2013-03-10 | كتاب | Dewey Decimal Classification | |||||
| 2013-03-10 | 658.4013 ر ر Ù | Ù 2 | 2012-05-10 | قسم الاجراءات الفنية (IC) | 00105000 | قسم الاجراءات الفنية (IC) | 2013-03-10 | كتاب | Dewey Decimal Classification | |||||
| 2013-03-10 | 658.4013 ر ر Ù | Ù 1 | 2012-05-10 | مكتبة كلية العلوم و الدراسات الإنسانية برماح - طالبات (SRF) | 00105003 | مكتبة كلية العلوم و الدراسات الإنسانية برماح - طالبات (SRF) | 2017-12-03 | كتاب | Dewey Decimal Classification | 2 | 2017-11-19 | |||
| 2013-03-10 | 658.4013 ر ر Ù | Ù 2 | 2012-05-10 | مكتبة كلية العلوم و الدراسات الإنسانية برماح - طالبات (SRF) | 00105004 | مكتبة كلية العلوم و الدراسات الإنسانية برماح - طالبات (SRF) | 2017-10-17 | كتاب | Dewey Decimal Classification | 1 | 2016-11-01 | |||
| 2013-03-10 | 658.4013 ر ر Ù | Ù 1 | 2012-05-10 | مكتبة كلية العلوم و الدراسات الإنسانية برماح - طلاب (SRM) | 00105001 | مكتبة كلية العلوم و الدراسات الإنسانية برماح - طلاب (SRM) | 2013-03-10 | كتاب | Dewey Decimal Classification | |||||
| 2013-03-10 | 658.4013 ر ر Ù | Ù 2 | 2012-05-10 | مكتبة كلية العلوم و الدراسات الإنسانية برماح - طلاب (SRM) | 00105002 | مكتبة كلية العلوم و الدراسات الإنسانية برماح - طلاب (SRM) | 2013-03-10 | كتاب | Dewey Decimal Classification |
